[Event "RUS-ch 54th"]
[Site "Elista"]
[Date "2001.05.04"]
[Round "5"]
[White "Zakhartsov, Viacheslav V"]
[Black "Timofeev, Artyom"]
[Result "0-1"]
[WhiteElo "2484"]
[BlackElo "2522"]
[Annotator "Rogozenco,D"]
[PlyCount "94"]
[EventDate "2001.04.29"]
[EventType "swiss"]
[EventRounds "9"]
[EventCountry "RUS"]
[SourceTitle "CBM 083"]
[Source "ChessBase"]
[SourceDate "2001.07.05"]
[SourceVersion "1"]
[SourceVersionDate "2001.07.05"]
[SourceQuality "1"]

1. e4 c5 2. Nf3 d6 3. d4 cxd4 4. Nxd4 Nf6 5. Nc3 g6 6. Be3 Bg7 7. f3 O-O 8. Qd2
Nc6 9. O-O-O d5 10. exd5 Nxd5 11. Nxc6 bxc6 12. Nxd5 {This old line was
considered to give Black good compensation for the pawn. However it became
popular again, especially after Ivanchuk included it in his opening repertoir.
It is quite possible that Black has a good play indeed, but there is not
simple at all to prove compensation.} cxd5 13. Qxd5 Qc7 14. Qc5 Qb7 (14... Qb8
{became more popular after Black was facing problems with 14. ... Qc7.}) 15.
Qa3 Bf5 16. Bd3 Rab8 17. b3 Rfc8 18. Bxf5 gxf5 19. Rd3 Qc6 {Probably better
than 19. ... Qc7. The theory of the line still develops and too early to give
a final verdict. However, looks like a real improvement.} (19... Qc7 20. c4 a5
21. Rhd1 Ra8 22. Rd7 Qe5 23. Bd4 Qf4+ 24. Kb1 Bf8 25. Qc1 $18 {1-0 Movsesian,
S-Fedorov,A/Polanica Zdroj 2000/ (56)}) 20. c4 Qg6 $5 {This new move has the
idea to make White play Rd2, after which the square c3 will become accessible
to the black Queen.} (20... Qf6 21. Kc2 f4 22. Bc1 Qg6 23. Rhd1 Rb7 $2 24. Bxf4
Rd7 25. g3 a5 26. Qxa5 $18 {1-0 Vajda,A-Radu,M/Bucharest ROM 2001/ (35)}) 21.
f4 $5 {A risky move, which has the idea to open the g-file. The question is if
White needed it or could try to defend by normal means.} (21. Rd2 {The
critical continuation. Future practice will show if Black has enough
compensation for the pawn.} Qf6 $1 22. Bd4 (22. Kd1 $6 Rd8 $44 (22... Qa1+ $2
23. Qc1)) 22... e5 23. Be3 (23. Bc3 $2 Bh6) 23... Bf8 (23... e4 $2 24. Bd4 Qg6
25. Bxg7 Qxg7 26. Qb2 $18) 24. Qa4 e4 25. Bd4 Qe6 {trying to make use of the
passed pawn on the e-file and continuing creating threats against the king.
Black has some compensation for the pawn.}) 21... Qxg2 22. Rg1 Qe2 23. Rc3 Kh8
24. Rxg7 $1 Rxc4 $1 (24... Kxg7 $2 25. Qxe7 {is bad for Black, as his king is
under a direct attack.}) 25. Rxc4 $2 (25. bxc4 $2 Qe1+ 26. Kc2 Qb1+ 27. Kd2
Rb2+ $19) (25. Rxh7+ $1 {was the right continuation. White not only takes the
pawn, but also exposes more the black King.} Kxh7 26. Rxc4 Qxe3+ 27. Kb1 Rd8
28. Qc5 $1 {of course it is not easy for a human to realise that Black cannot
do much against white king. The position is unclear (I suppose that it is
equal!), but white king looks quite safe (it goes often to a3).} Rd1+ 29. Kb2
Qe6 30. Rc2 Qf6+ 31. Ka3) 25... Qxe3+ 26. Kb1 Kxg7 {Now Black is a pawn up and
has a safe king. There is still a lot of play, but White is now the one who
fights for equality.} 27. Qb2+ f6 28. Qc2 (28. Qg2+ Kf7 29. Qd5+ Qe6 $17) 28...
Qe6 29. Rc6 Qe4 30. Qxe4 fxe4 $17 31. Re6 Rb4 (31... f5 32. Rxe7+ Kf6 33. Rxa7
Rg8 $13 (33... e3 34. Ra6+ Kf7 35. Ra5 Re8 36. Rxf5+ Kg6 37. Rg5+ Kf6 (37...
Kf7 38. Rg1 Kf6 39. Kc2 Kf5 40. Kd3 Kxf4 41. Rf1+ Kg4 42. Ke2 $18) 38. Re5 $1
$18)) 32. Rxe7+ (32. Kc2 Kf7 33. Ra6 Rd4 $19) 32... Kg6 33. Rxa7 (33. Kc2 a5
$19) 33... Kf5 34. Kc2 Kxf4 35. Rxh7 f5 36. Kc3 (36. Kd2 Kf3 37. Rh3+ Kf2 $19)
(36. Rh4+ Kf3 (36... Ke5 37. a4) 37. Rh3+ Kf2 38. Rh4 {was the last chance,
although Black must be winning here too.}) 36... Rb8 37. Re7 Ke3 $19 38. b4 f4
39. a4 Rc8+ 40. Kb3 f3 41. a5 Rf8 42. Rc7 f2 43. Rc1 Kd2 44. Rc2+ Kd3 45. Rxf2
Rxf2 46. a6 e3 47. a7 Rf8 0-1

[Event "Capablanca Memorial Elite 32nd"]
[Site "Cienfuegos"]
[Date "1997.05.20"]
[Round "11"]
[White "Rodriguez Cespedes, Amador"]
[Black "Becerra Rivero, Julio"]
[Result "1/2-1/2"]
[WhiteElo "2555"]
[BlackElo "2510"]
[Annotator "Rogozenco,D"]
[PlyCount "73"]
[EventDate "1997.05.05"]
[EventType "tourn"]
[EventRounds "11"]
[EventCountry "CUB"]
[EventCategory "12"]
[SourceTitle "CBM 059"]
[Source "ChessBase"]
[SourceDate "1997.08.01"]
[SourceVersion "1"]
[SourceVersionDate "1997.08.01"]
[SourceQuality "1"]

1. e4 c5 2. Nf3 d6 3. d4 cxd4 4. Nxd4 Nf6 5. Nc3 g6 6. Be3 Bg7 7. f3 O-O 8. Qd2
Nc6 9. O-O-O d5 10. exd5 Nxd5 11. Nxc6 bxc6 12. Bd4 Bxd4 13. Qxd4 Qc7 {This
move, which is relative new, seems to become the main variation against the
line 10.ed5.} (13... Qb6 14. Na4 Qa5 15. b3 Be6 16. Qd2 Qc7 17. Nc5 $14 {
Korneev - Aronian/Omsk 1996}) 14. Bc4 (14. Nxd5 $6 cxd5 15. Qxd5 Be6 $17) (14.
Qc5 Qf4+ (14... Nxc3 15. Qxc3 Be6) 15. Kb1 Bf5 16. Nxd5 cxd5 17. Qxd5 Rab8 18.
Bc4 Qc7 19. Bb3 Rbd8 {1/2 : 1/2 Almasi Z. - Georgiev Kir./Cacak 1996}) 14...
Nb6 15. Be2 Be6 (15... c5 16. Nb5 (16. Qe3 $1 $16 Be6 17. h4 $40 {Hodgson})
16... Qc6 17. Qe5 Ba6 18. Nc3 Bxe2 19. Qxe2 $14 {Brodsky - Hodgson/Isle of Man
1996}) 16. g3 (16. h4 $5) 16... Rab8 17. Qc5 Qb7 18. b3 Nd5 19. Rd4 (19. Kb2
Qb6 20. Na4 $14) 19... Rfc8 20. Na4 Bf5 21. Kb2 e5 22. Rd2 Re8 23. Rhd1 e4 24.
fxe4 Rxe4 25. Nc3 Nxc3 26. Qxc3 Qb6 27. Bc4 Be6 28. Bxe6 Rxe6 29. Rd7 Rf8 (
29... c5 30. Qf3 Rf8 31. Rb7 $16) 30. R1d6 Rxd6 31. Rxd6 Rc8 32. h4 (32. a4 $14
) 32... Qf2 33. Rf6 Qg2 34. Qe3 Qd5 35. c4 Qd7 36. Rf2 Re8 37. Qc3 1/2-1/2

[Event "MK Cafe Cup-A"]
[Site "Koszalin"]
[Date "1999.08.10"]
[Round "7"]
[White "Sutovsky, Emil"]
[Black "Nataf, Igor Alexandre"]
[Result "1/2-1/2"]
[WhiteElo "2587"]
[BlackElo "2504"]
[Annotator "Rogozenco,D"]
[PlyCount "32"]
[EventDate "1999.08.03"]
[EventType "swiss"]
[EventRounds "9"]
[EventCountry "POL"]
[SourceTitle "CBM 073"]
[Source "ChessBase"]
[SourceDate "1999.12.01"]
[SourceVersion "1"]
[SourceVersionDate "1999.12.01"]
[SourceQuality "1"]

1. e4 c5 2. Nc3 Nc6 3. Nf3 g6 4. d4 cxd4 5. Nxd4 Bg7 6. Be3 Nf6 7. Bc4 {
All these move order subtleties are quite interesting and not easy to comment.
Usually by playing 2.Nc3 and 3.Nf3 (or 2.Nge2 and 3.Nc3, or 2. Nf3 and 3.Nc3)
White tries to avoid the highly popular Sveshnikov variation. But this gives
Black the oportunity to play Dragon, avoiding some main lines.} O-O 8. Bb3 (8.
f3 {allows Black another interesting possibility:} Qb6 {/\ 9. ... Ne4.}) 8...
d6 (8... Qa5 {is a popular way to avoid main lines of the Dragon.}) 9. f3 {
Black usually tries to exploit the early move with the Bishop on b3 (comparing
with the "normal" move order in the Dragon - the most precise for White to
play Bb3 is probably only after Ne5 or Rc8).} Nxd4 (9... Bd7 10. Qd2 (10. h4 {
The whole line (with the move order) is under development nowadays and this
move could turn out to be the most precise way.} Qa5 (10... h5 11. Qd2 Ne5 {
is the main line in Dragon (B78).}) (10... Nxd4 11. Bxd4 b5 {looks too
dangerous for Black.}) 11. Qd2 Ne5 12. O-O-O Rfc8 {- B79.}) 10... Nxd4 11. Bxd4
b5 {is another way. However, the additional White's possibility 10.h4 could be
important.}) 10. Bxd4 Be6 11. Bxe6 $6 {This is harmless. Making the third move
with the Bishop in the opening, White only improves Black's structure - the
control over central squares is very important for Black.} (11. Qd2 Qa5 12.
O-O-O b5 (12... Bxb3 13. cxb3 $14) 13. Kb1 b4 (13... Rfc8) 14. Nd5 Bxd5 15.
exd5 Qb5 16. Rhe1 a5 17. Qe2 $14 {Tal-Larsen/Zuerich/1959}) 11... fxe6 12. Qe2
(12. Qd2) 12... Nd7 $11 {Black has no problems.} 13. O-O-O Rc8 14. h4 Qa5 15.
Bxg7 Kxg7 16. h5 g5 1/2-1/2

[Event "Rubinstein Memorial 37th"]
[Site "Polanica Zdroj"]
[Date "2000.08.20"]
[Round "4"]
[White "Movsesian, Sergei"]
[Black "Fedorov, Alexei"]
[Result "1-0"]
[WhiteElo "2666"]
[BlackElo "2646"]
[Annotator "Rogozenco,D"]
[PlyCount "111"]
[EventDate "2000.08.17"]
[EventType "tourn"]
[EventRounds "9"]
[EventCountry "POL"]
[EventCategory "17"]
[SourceTitle "CBM 079"]
[Source "ChessBase"]
[SourceDate "2000.11.21"]
[SourceVersion "1"]
[SourceVersionDate "2000.11.21"]
[SourceQuality "1"]

1. e4 c5 2. Nf3 d6 3. d4 cxd4 4. Nxd4 Nf6 5. Nc3 g6 6. Be3 Bg7 7. f3 O-O 8. Qd2
Nc6 9. O-O-O d5 10. exd5 Nxd5 11. Nxc6 bxc6 12. Nxd5 cxd5 13. Qxd5 Qc7 14. Qc5
Qb7 (14... Qb8) 15. Qa3 Bf5 16. Bd3 Rab8 17. b3 Rfc8 {Alexey Fedorov tries to
improve his own game played two rounds earlier in the same tournament against
Ivanchuk. But neither in that game (in which he placed the other Rook to c8),
nor here was he able to prove compensation for the pawn.} (17... Rbc8 18. Bxf5
gxf5 19. Rd3 Qc6 20. c4 Qf6 21. Rhd1 $16 {1-0 Ivanchuk,V-Fedorov,A/Polanica
Zdroj 2000/ (39)}) 18. Bxf5 gxf5 19. Rd3 {Movsesian simply repeats Ivanchuk's
plan. It is Black who must show if there is any real difference in the
position of his Rooks.} Qc7 20. c4 a5 21. Rhd1 Ra8 22. Rd7 {Thanks to his
control over d-file, White forces Black to swap Queens, after which the win
would be a matter of technique.} Qe5 23. Bd4 Qf4+ 24. Kb1 Bf8 $6 25. Qc1 Qxc1+
(25... Qh4 26. Qe3 $18) 26. Kxc1 $18 f6 27. Ra7 e5 28. Rxa8 Rxa8 29. Bc3 Kf7
30. Rd7+ Ke6 31. Rxh7 Bb4 32. Kc2 e4 33. a3 Bxa3 34. fxe4 fxe4 35. Rb7 Be7 36.
Rb6+ Kf7 37. Rb5 a4 38. b4 Rg8 39. g3 Rh8 40. h4 Rg8 41. Be1 Bd6 42. Rb7+ Ke6
43. Rb6 Ke7 44. h5 Bxg3 45. Bc3 Bh4 46. h6 Kf7 47. Rb7+ Kg6 48. h7 Rh8 49. c5
Bg3 50. c6 Rc8 51. b5 e3 52. Kd3 a3 53. Rd7 a2 54. Ke2 Ra8 55. b6 Be5 56. Ra7
1-0

[Event "Bad Homburg"]
[Site "Bad Homburg"]
[Date "1996.??.??"]
[Round "7"]
[White "Slobodjan, Roman"]
[Black "Alterman, Boris"]
[Result "1/2-1/2"]
[WhiteElo "2520"]
[BlackElo "2590"]
[Annotator "Rogozenco,D"]
[PlyCount "39"]
[EventDate "1996.07.20"]
[EventType "tourn"]
[EventRounds "9"]
[EventCountry "GER"]
[EventCategory "12"]
[SourceTitle "CBM 055"]
[Source "ChessBase"]
[SourceDate "1996.12.01"]
[SourceVersion "1"]
[SourceVersionDate "1996.12.01"]
[SourceQuality "1"]

1. e4 {Schulz,A Johnson,M} c5 2. Nf3 d6 3. d4 cxd4 4. Nxd4 Nf6 5. Nc3 g6 6. f3
Bg7 7. Be3 Nc6 8. Qd2 O-O 9. O-O-O d5 10. exd5 Nxd5 11. Nxc6 bxc6 12. Bd4 {
Johnson: considered as White's best continuation, for 12.Nxd5 cxd5 13.Qxd5 see
Ivanchuk-Hodgson/Amsterdam/1996 (CBM55)} e5 13. Bc5 Re8 14. Ne4 (14. Nxd5 $5)
14... Be6 {Although in the popular line 14. ... f5 15.Nd6 Bf8 16.Bb5! Black
has accep table results in practice,it looks suspicious,with many
possibilities of im provement for White,and this time Alterman goes for more
solid continuation.} 15. g4 (15. h4 $142 h6 16. g4 Nf4 17. Qc3 $14) 15... Nf4 {
Johnson: A novelty, 15...h6 being a common choice} 16. Qe1 {The point is that
here after 16.Qc3,along with 16. ... Bd5,Black can play 16. ... Bh6! with
favorable complications.} Qc7 $10 17. Bd6 Qb6 18. Bc5 Qc7 19. Bd6 Qb6 20. Bc5 {
Schulz: Ein bekanntes Remis-Abspiel.} 1/2-1/2

[Event "Maastricht Complete Chess m"]
[Site "Maastricht"]
[Date "2004.02.10"]
[Round "1"]
[White "Baramidze, David"]
[Black "Stellwagen, Daniel"]
[Result "1-0"]
[WhiteElo "2456"]
[BlackElo "2489"]
[Annotator "Rogozenco,D"]
[PlyCount "87"]
[EventDate "2004.02.10"]
[EventType "match"]
[EventRounds "4"]
[EventCountry "NED"]
[SourceTitle "CBM 100"]
[Source "ChessBase"]
[SourceDate "2004.06.01"]
[SourceVersion "1"]
[SourceVersionDate "2004.06.01"]
[SourceQuality "1"]

{The present game was played in a match of the so-called "Complete Chess". The
players used computers like in advanced chess and got the time limits from
classic chess. They could use on their computers engines from Fritz8, Hiarcs9,
Shredder8, Junior8 and the Megadatabase2004. The time limit was 40 moves in 2
hours, then 20 moves in 1 hour and then 15 minutes and 30 seconds per move
increment until the end.} 1. e4 c5 2. Nf3 d6 3. d4 cxd4 4. Nxd4 Nf6 5. Nc3 g6
6. Be3 Bg7 7. f3 Nc6 8. Qd2 O-O 9. O-O-O Bd7 {The opinions about this move are
different. While some players consider it a good way to avoid simplifications
and continue in a true Dragon style, others consider it a doubtful
continuation. It is curious that the Dragon specialist Attila Schneider
considers 9...Bd7 a serious mistake. After having studied this line more
carefully, I think that 9...Bd7 is indeed a dubious move, but White needs to
know precisely how to use its drawbacks.} 10. g4 Ne5 11. h4 Rc8 12. h5 (12. Kb1
Qa5 13. Be2 $14) 12... Qa5 (12... Nxf3 13. Nxf3 Bxg4 14. h6 $1 (14. Be2 Bxh5
$14) 14... Bh8 15. Be2 $16) 13. hxg6 {Taking quickly on g6 is a double-edged
decision. It has advantages (avoiding complications 13.Kb1 Nxf3), but also it
can be in Black's favour, who might use later the f-file.} (13. Kb1 Nxf3 $1 {
The correct move order. Weaker is to start with 13...Rxc3 because it allows
later White to insert the move h5-h6.} 14. Nxf3 Rxc3 15. Qxc3 Qxc3 16. bxc3
Bxg4 17. Bg2 Nxe4 18. Rd3 Nxc3+ 19. Kb2 Nd1+ {is well-known to be okay for
Black.}) (13. Nb3 {This looks the strongest continuation to me.} Qc7 14. Be2 b5
15. Kb1 $5 (15. g5 $5) (15. hxg6 $6 fxg6 16. g5 (16. Kb1 b4 17. Nd5 Nxd5 18.
exd5 Nxf3) 16... b4 $1) 15... b4 $140 16. Nd5 Nxd5 17. exd5 $16 {[%cal Gb3d4,
Ge3h6] now that the f-file is closed, Black has problems to meet White's
kingside attack.}) 13... fxg6 14. Kb1 b5 $5 $146 {An interesting pawn
sacrifice, but in the end Black must fight for a draw in a slightly inferior
rook endgame.} (14... Rf7 {is a reasonable continuation for Black.}) (14...
Nxf3 {Here this doesn't work so well - a rare case when the inclusion of hxg6
favours White:} 15. Nxf3 Rxc3 16. Qxc3 Qxc3 17. bxc3 Bxg4 ({Better is} 17...
Nxe4 18. Bc4+ e6 19. Rdf1 d5 20. Bd3 Ng3 21. Ng5 Rxf1+ 22. Rxf1 Nxf1 23. Bxf1
Bxc3 24. Bxa7 $14) 18. Bc4+ d5 (18... e6 19. Ng5 $16) 19. Rxd5 $1 $16) 15. Bxb5
(15. g5 $5) (15. Ncxb5 Qxd2 16. Bxd2 Nxf3 17. Nxf3 Bxg4 {and the complications
favour Black.}) 15... Bxb5 (15... Nxf3 16. Nxf3 Bxb5 17. g5 {[%cal Gd2d5]}) 16.
Ncxb5 Qxd2 17. Bxd2 Rb8 {[%cal Ge5f3]} 18. Nc3 Nc4 {Black's compensation will
enable him soon to restore the material equality.} 19. b3 (19. Nb3 Nd7 $44 (
19... h5 $5 20. gxh5 Nxh5 {[%cal Gg8f7]})) 19... Nxg4 20. fxg4 Bxd4 21. Nd5
Nxd2+ 22. Rxd2 Bf6 23. Nxf6+ (23. Rdh2 Rf7 24. Nxf6+ exf6 25. Rd1 Re8 26. Rd4
Rfe7 $132) 23... Rxf6 24. e5 $1 Re6 (24... dxe5 25. Rd7 $16) 25. exd6 exd6 26.
c4 $14 {With accurate play Black must be able to draw without many problems.}
Rb6 27. Kc2 Re4 28. Rg2 a5 29. Kd3 Re5 30. Rf2 a4 31. Rb1 axb3 32. axb3 h5 33.
gxh5 Rxh5 34. b4 Rh3+ 35. Ke4 Rh4+ 36. Rf4 Rxf4+ 37. Kxf4 Kf7 38. Ke4 Ke6 39.
b5 Rb8 40. Rh1 Rg8 {The time control is over and the young Dutch player must
have a serious thought about the cause of the following mistakes.} (40... d5+
41. cxd5+ Kd6 42. Rb1 (42. Rh6 Rxb5 43. Rxg6+ Kd7 44. Ke5 Rb1 45. Rg7+ Kc8 46.
Ke6 Re1+ 47. Kd6 Rd1 48. Rg8+ Kb7 49. Rd8 Rh1 {is a theoretical draw}) 42...
Re8+ 43. Kd4 Re5 44. b6 Rxd5+ 45. Kc4 Rc5+ $11) 41. Rh6 Kd7 $2 (41... Re8 $11 {
[%cal Ge6d7]} 42. Rh7 g5 (42... d5+ $5 {even this seems to draw:} 43. cxd5+
Kd6+ 44. Kd4 Re1 45. b6 Rb1 (45... Rd1+ 46. Kc4 Rc1+ 47. Kb5 Kxd5 48. Rg7) 46.
b7 (46. Rg7 Rb4+ $1) 46... g5 47. Rg7 (47. Rh6+ Kc7) 47... g4 48. Rg6+ Kc7 49.
Ke5 Re1+ $11) 43. b6 Rc8 $1 (43... g4 $2 44. b7 g3 45. Kf3 (45. Rg7 $4 Kf6+) (
45. Kd4 g2 46. Rg7 Rb8 $11) 45... Rb8 46. Kxg3 Ke5 47. Kf3 Kd4 48. Rc7 $18) 44.
Kd4 Rc6 45. b7 Rb6 $11) 42. Rh7+ (42. Kd5 Rg7 $11) 42... Kc8 $4 {This is a
terrible mistake from all points of view.} ({Black still seems to be able to
make a draw:} 42... Ke6 {This is obviously the only move.} 43. Kd4 (43. b6 Rc8
$1 44. Kd4 Rc6 45. b7 Rb6 46. Rg7 g5 $11) 43... Rf8 (43... g5 44. b6 (44. Rh6+
Kd7 45. Kd5 g4 46. Rh7+ Kc8 47. Kxd6 (47. Kc6 g3) 47... g3 48. Rh1 g2 49. Rg1
Rg6+ 50. Kc5 Kc7 $11) 44... g4 45. b7 g3 46. Rg7 Rb8 47. Ke3 $1 (47. Rg6+ Kd7)
47... g2 (47... d5 48. c5 d4+ 49. Kxd4 $18) 48. Kf2 Ke5 49. Kxg2 Kd4 50. Rc7
$18) 44. Rg7 (44. b6 Rf1 $11) 44... Kf6 45. Ra7 Ke6 {and it looks like an easy
draw.}) 43. Kd5 $18 g5 44. b6 1-0